Contos de Andersen (Registo nº 442)

Detalhes MARC
000 -Etiqueta do registo
Cabeçalho 00726nam0a2200229 4500
005 - Identificador da versão
Campo de controlo 20240813121803.0
021 ## - Número do Depósito Legal
Código do país PT
Número 92 997/95
100 ## - Dados gerais de processamento
Dados gerais de processamento 20160527d1995 a e0pory5003 ba
102 ## - Pais de publicação ou produção
País de publicação Portugal
101 1# - Língua de publicação
Língua do texto, banda sonora, etc. Português
Língua do documento no original Francês
215 ## - Descrição física 
Indicação específica da natureza do documento e extensão da espécie 95, [1] p.
Outras indicações físicas il. color
200 1# - Titulo e menção de responsabilidade
Título próprio Contos de Andersen
Primeira menção de responsabilidade versão portuguesa de Herberto Helder, Ricardo Alberty
225 2# - Colecção 
Título próprio da colecção Contos maravilhosos
Nome de uma parte ou secção Clássicos da literatura infantil
Indicação de volume 6
210 ## - Publicação, Distribuição, etc. 
Lugar da edição, distribuição, etc. Lisboa
Nome do editor, distribuidor, etc. Verbo
Data da publicação, distribuição, etc. 1995
702 #1 - Nome de autor-pessoa física (responsabilidade secundária)
Número de registo de entrada de autoridade 0002958
Palavra de ordem Helder
Outra parte do nome não tomada para palavra de ordem Herberto
Datas 1930-2015
Código de função Adaptador
Número de registo de entrada de autoridade 0002957
Palavra de ordem Alberty
Outra parte do nome não tomada para palavra de ordem Ricardo
Datas 1919-1992
Código de função Adaptador
700 #1 - Nome de autor-pessoa física (responsabilidade principal)
Número de registo de entrada de autoridade 0002769
Palavra de ordem Andersen
Outra parte do nome não tomada para palavra de ordem Hans Christian
Datas 1805-1875
966 ## - Identificação da Biblioteca
Sigla EB2,3ENM
942 ## - Elementos de entrada adicionados (Koha)
Tipo de item no Koha Livro
Exemplares
Situação do levantamento Origin of item (home branch) (coded) Biblioteca de empréstimo Código de barras Cota Circulation type (not for loan) Tipo de documento Nota do exemplar Damaged status
  Biblioteca Escolar Eng. Nuno Mergulhão Biblioteca Escolar Eng. Nuno Mergulhão BENM141 82LE-34 CON   Livro Sem mensagem